<?xml version="1.0" encoding="UTF-8"?>
<collection xmlns="http://www.loc.gov/MARC21/slim">
  <record>
    <leader>00000nam  2200000   4500</leader>
    <controlfield tag="001">INLIS000000000000701</controlfield>
    <controlfield tag="005">20180724135831</controlfield>
    <controlfield tag="008">180724|||||||||   |   |||   |||| ||   | </controlfield>
    <datafield tag="035" ind1=" " ind2=" ">
      <subfield code="0">010-0718000701</subfield>
    </datafield>
    <datafield tag="041" ind1=" " ind2=" ">
      <subfield code="a">id</subfield>
    </datafield>
    <datafield tag="082" ind1=" " ind2=" ">
      <subfield code="a">023</subfield>
    </datafield>
    <datafield tag="090" ind1=" " ind2=" ">
      <subfield code="a">R 023 PIM I 2015</subfield>
    </datafield>
    <datafield tag="100" ind1=" " ind2=" ">
      <subfield code="a">Arisdiyo Loyola, Ignatius</subfield>
    </datafield>
    <datafield tag="245" ind1=" " ind2=" ">
      <subfield code="a">Perubahan Peran Sekretariat Utama LAPAN dari Pendukung Menjadi Penggerak Utama Organisasi</subfield>
    </datafield>
    <datafield tag="260" ind1=" " ind2=" ">
      <subfield code="a">Jakarta</subfield>
      <subfield code="c">2015</subfield>
    </datafield>
    <datafield tag="300" ind1=" " ind2=" ">
      <subfield code="a">70 hlm, lamp.</subfield>
    </datafield>
    <datafield tag="500" ind1=" " ind2=" ">
      <subfield code="a">Proyek Perubahan ini telah menghasilkan Naskah Akademik Restrukturisasi Organisasi LAPAN, Rancangan Peraturan Kepala LAPAN tentang Organisasi dan Tata Kerja LAPAN, dan Draft Indikator Kinerja Utama (IKU) berbasis BSC di Settama LAPAN. Sehingga diharapkan struktur organisasi maupun indicator kinerja utama yang dihasilkan dapat menjadi fondasi yang kuat serta acuan dalam merubah peran Settama dari pendukung menjadi penggerak utama organisasi.</subfield>
    </datafield>
    <datafield tag="650" ind1=" " ind2=" ">
      <subfield code="a">Organisasi</subfield>
    </datafield>
  </record>
</collection>
